<?xml version="1.0" encoding="UTF-8"?>
<record
    xmlns:xsi="http://www.w3.org/2001/XMLSchema-instance"
    xsi:schemaLocation="http://www.loc.gov/MARC21/slim http://www.loc.gov/standards/marcxml/schema/MARC21slim.xsd"
    xmlns="http://www.loc.gov/MARC21/slim">

  <leader>00554nam a22001697a 4500</leader>
  <controlfield tag="003">OSt</controlfield>
  <controlfield tag="005">20240521112607.0</controlfield>
  <controlfield tag="008">240521b        |||||||| |||| 00| 0 eng d</controlfield>
  <datafield tag="040" ind1=" " ind2=" ">
    <subfield code="c">CHUKA UNIVERSITY</subfield>
  </datafield>
  <datafield tag="050" ind1=" " ind2=" ">
    <subfield code="a">THE RT 120.G53 2023</subfield>
    <subfield code="b">G53 2023</subfield>
  </datafield>
  <datafield tag="100" ind1=" " ind2=" ">
    <subfield code="a">GICHOBI WANJIRA BETH</subfield>
    <subfield code="9">14495</subfield>
  </datafield>
  <datafield tag="245" ind1=" " ind2=" ">
    <subfield code="a">EFFECTIVENESS OF THE NURSING PROCESSS TRAINING ON ITS UTILIZATION AMONG NURSES IN SELECTED COUNTY REFERRAL HOSPITAL IN KENYA</subfield>
  </datafield>
  <datafield tag="260" ind1=" " ind2=" ">
    <subfield code="a">NAIROBI KENYA</subfield>
    <subfield code="b">BETH WANJIRA GICHOBI</subfield>
    <subfield code="c">2023</subfield>
  </datafield>
  <datafield tag="300" ind1=" " ind2=" ">
    <subfield code="a">147p</subfield>
  </datafield>
  <datafield tag="650" ind1=" " ind2=" ">
    <subfield code="a">Nursing </subfield>
    <subfield code="9">8975</subfield>
  </datafield>
  <datafield tag="942" ind1=" " ind2=" ">
    <subfield code="2">lcc</subfield>
    <subfield code="c">BK</subfield>
    <subfield code="n">0</subfield>
  </datafield>
  <datafield tag="952" ind1=" " ind2=" ">
    <subfield code="0">0</subfield>
    <subfield code="1">0</subfield>
    <subfield code="2">lcc</subfield>
    <subfield code="4">0</subfield>
    <subfield code="7">0</subfield>
    <subfield code="a">CHK</subfield>
    <subfield code="b">CHK</subfield>
    <subfield code="d">2024-05-21</subfield>
    <subfield code="l">0</subfield>
    <subfield code="o">THE RT 120.G53 2023</subfield>
    <subfield code="p">22961/2024</subfield>
    <subfield code="r">2024-05-21 00:00:00</subfield>
    <subfield code="t">3</subfield>
    <subfield code="w">2024-05-21</subfield>
    <subfield code="y">BK</subfield>
  </datafield>
  <datafield tag="999" ind1=" " ind2=" ">
    <subfield code="c">16376</subfield>
    <subfield code="d">16376</subfield>
  </datafield>
</record>
